Teoremy i zadači funkcionaľnogo analiza /

Salvato in:
Dettagli Bibliografici
Autori principali: Kirillov, Aleksandr A. (Autore), Gvišiani, Aleksej D. (Autore)
Natura: Libro
Pubblicazione: Moskva : Nauka, 1988
Edizione:2.izd.
Tags: Aggiungi Tag
Nessun Tag, puoi essere il primo ad aggiungerne!!

MARC

LEADER 00000nam a22000003a 4500
001 stu48005
005 20150617225659.7
008 ------s1988----xxr---------------------d
040 |a STU  |b slo 
041 0
044 |a xxr 
080 |a 519.78 
100 1 |a Kirillov, Aleksandr A.  |4 aut 
245 1 |a Teoremy i zadači funkcionaľnogo analiza /  |c [aut.] Kirillov,A.A.; Gvišianin,A.D 
250 |a 2.izd. 
260 |a Moskva :  |b Nauka,  |c 1988 
300 |a 396 s 
700 1 |a Gvišiani, Aleksej D.  |4 aut 
996 |b J81847  |c J*81847/K 18  |l JJK18  |s P  |a 0  |w stu48005_0001